000 00418nam a2200169Ia 4500
008 230711s9999||||xx |||||||||||||| ||und||
020 _a978-93-83419-38-8
041 _aENG
082 _a720
_bUT-D
100 _aUttarwar, P S
245 0 _aDelhi : An Emerging Megacity Region
250 _a1st Ed.
260 _c2017
_aGhaziabad
_bCopal Publishing Group
300 _a130p.
650 _aArchitecture
942 _cBK
999 _c6870
_d6870